Le chant de la terre une symphonie : pour ténor et contralto (ou bariton) et orchestre (d'après " La flûte chinoise" de Hans Bethge) /

Main Author: Mahler, Gustav, 1860-1911
Other Authors: Bethge, Hans, 1876-1946, Marchant, Madeleine, Wöss, Joseph Venantius von, 1863-1943
Language: French
Published: Wien : Universal-Edition, 1912
Series: Universal-Edition
Physical Description: 99 s.
Musical Score Musical Score
Saved in:
LEADER 01119ncm a22002652a 4500
001 001235371
003 CZ BrMZK
005 20140709143350.0
007 qu
008 120730s1912 au |||||||||||||||||fre d
040 |a BOA001  |b cze 
072 7 |a 784  |x Vokální hudba  |2 Konspekt  |9 9 
100 1 |a Mahler, Gustav,  |d 1860-1911  |7 jn19990009922  |4 cmp 
245 1 3 |a Le chant de la terre  |h [hudebnina] :  |b une symphonie : pour ténor et contralto (ou bariton) et orchestre (d'après " La flûte chinoise" de Hans Bethge) /  |c Gustav Mahler ; traduction franç. de Madeleine Marchant ; partititon pour chant et piano par J.V. Wöss 
260 |a Wien :  |b Universal-Edition,  |c 1912 
300 |a 99 s. 
490 1 |a Universal-Edition ;  |v Nr. 8152 
700 1 |a Bethge, Hans,  |d 1876-1946  |7 mzk2004248658  |4 ant 
700 1 |a Marchant, Madeleine  |7 mzk2014829200  |4 trl 
700 1 |a Wöss, Joseph Venantius von,  |d 1863-1943  |7 ola20050428001  |4 arr 
830 0 |a Universal-Edition 
910 |a BOA001  |b Mus4-0451.405 
990 |a MU 
991 |b 201207 
996 6 |b 2619073229  |c Mus4-0451.405  |l MZK  |r Sklad / do 1 hodiny  |n 0  |w 001269382  |u 000010  |a 1  |e BOA001  |j MZK50  |s P